书目信息 |
| 题名: |
孔子的叮咛
|
|
| 作者: | 杨朝明 著 | |
| 分册: | ||
| 出版信息: | 济南 山东友谊出版社 2019 |
|
| 页数: | 253页 | |
| 开本: | 21cm | |
| 丛书名: | ||
| 单 册: | ||
| 中图分类: | B222.25 | |
| 科图分类: | ||
| 主题词: | ||
| 电子资源: | ||
| ISBN: | 978-7-5516-1954-7 | |
| 000 | 00745nam0 2200229 450 | |
| 001 | 2039745226 | |
| 005 | 20201106110232.58 | |
| 010 | @a978-7-5516-1954-7@dCNY28.00 | |
| 100 | @a20191231d2019 em y0chiy50 ea | |
| 101 | 0 | @achi |
| 102 | @aCN@b370000 | |
| 105 | @ay z 000yy | |
| 200 | 1 | @a孔子的叮咛@9kong zi de ding ning@f杨朝明著 |
| 210 | @a济南@c山东友谊出版社@d2019 | |
| 215 | @a253页@d21cm | |
| 330 | @a本书揭示了孔子思想义理,对孔子思想体系进行了诠释,同时将优秀传统文化的精髓传达给当下大众。 | |
| 600 | 0 | @a孔丘@f(前551-前479)@x哲学思想@x研究 |
| 690 | @aB222.25@v5 | |
| 701 | 0 | @a杨朝明@9yang zhao ming@f(1962-)@4著 |
| 801 | 0 | @aCN@b浙江省新华书店集团公司@c20201003 |
| 801 | 2 | @aCN@bOLCC@c20201003 |
| 905 | @aZUCC@dB222.25@eY154 | |
| 孔子的叮咛/杨朝明著.-济南:山东友谊出版社,2019 |
| 253页;21cm |
| ISBN 978-7-5516-1954-7:CNY28.00 |
| 本书揭示了孔子思想义理,对孔子思想体系进行了诠释,同时将优秀传统文化的精髓传达给当下大众。 |
| ● |
| 相关链接 |
|
|
|
正题名:孔子的叮咛
索取号:B222.25/Y154
 
预约/预借
| 序号 | 登录号 | 条形码 | 馆藏地/架位号 | 状态 | 备注 |
| 1 | 1481904 | 214819044 | 社科库509/509社科库 11排3列1层/ [索取号:B222.25/Y154] | 在馆 | |
| 2 | 1481905 | 214819053 | 社科库509/509社科库 11排3列1层/ [索取号:B222.25/Y154] | 在馆 | |
| 3 | 1481906 | 214819062 | 社科库509/509社科库 11排3列1层/ [索取号:B222.25/Y154] | 在馆 |